[Event "IECC Swiss-539.2"]
[Site "IECC email"]
[Date "2009.06.30"]
[Round "?"]
[White "Salazar Moran, Alejandro Fortunato"]
[Black "Krunski, Jan Maria"]
[Result "1-0"]
[WhiteElo "1673"]
[BlackElo "1697"]
[PlyCount "87"]
[EventDate "2009.??.??"]
[EventType "tourn (corr)"]
[EventRounds "1"]
[SourceTitle "Telechess CBM 137"]
[Source "ChessBase"]
[SourceDate "2010.07.15"]
[SourceVersion "1"]
[SourceVersionDate "2010.07.15"]
[SourceQuality "1"]
[BlackTeam "Poland"]
[BlackTeamCountry "POL"]

1. e4 e5 2. Bc4 Nf6 3. d3 c6 4. Nc3 d5 5. exd5 cxd5 6. Bb3 Bb4 7. a3 Ba5 8. Ba4+ Bd7 9. b4 Bb6 10. Bb3 0-0 11. Nxd5 Bd4 12. Rb1 Bc6 13. Nxf6+ Qxf6 14. Nf3 Qg6 15. 0-0 b5 16. Nh4 Qf6 17. Qg4 Bc3 18. Bg5 Bd7 19. Bxf6 Bxg4 20. Bd5 gxf6 21. Bxa8 Rc8 22. Be4 Nc6 23. Bf5 Bxf5 24. Nxf5 Rc7 25. g4 Nd4 26. Nxd4 exd4 27. Kg2 Bd2 28. Rb2 Kg7 29. Kf3 f5 30. gxf5 Kf6 31. a4 bxa4 32. Rfb1 Rb7 33. b5 Kxf5 34. Ra2 a3 35. Rxa3 Bc3 36. Ra6 f6 37. b6 axb6 38. Raxb6 Ra7 39. R1b5+ Kg6 40. h4 Kg7 41. Rb7+ Rxb7 42. Rxb7+ Kg6 43. Ke4 f5+ 44. Ke5 1-0

[Event "IECC KO-5068"]
[Site "IECC email"]
[Date "2009.02.05"]
[Round "?"]
[White "Krunski, Jan Maria"]
[Black "Coyne, David W"]
[Result "0-1"]
[WhiteElo "1744"]
[BlackElo "1976"]
[PlyCount "92"]
[EventDate "2008.??.??"]
[EventType "match (corr)"]
[EventRounds "2"]
[SourceTitle "Corr 2011"]
[Source "ChessBase"]
[SourceDate "2010.08.31"]
[SourceVersion "1"]
[SourceVersionDate "2010.08.31"]
[SourceQuality "1"]
[WhiteTeam "Poland"]
[BlackTeam "England"]
[WhiteTeamCountry "POL"]
[BlackTeamCountry "ENG"]

1. e4 e5 2. Nf3 Nf6 3. Nxe5 d6 4. Nf3 Nxe4 5. Qe2 Qe7 6. d3 Nf6 7. Nc3 Nc6 8. Be3 Be6 9. d4 0-0-0 10. 0-0-0 d5 11. Ne5 Qe8 12. Nb5 Kb8 13. Bf4 Rc8 14. f3 a6 15. Nc3 Bb4 16. Qd3 Nh5 17. Be3 Bd6 18. g4 Bxe5 19. dxe5 Nxe5 20. Qe2 Nf6 21. Bd4 Nc6 22. Bxf6 gxf6 23. Nxd5 Rd8 24. Nxf6 Qe7 25. Rxd8+ Rxd8 26. Ne4 Bxa2 27. Qe3 h5 28. g5 Qe5 29. h4 Qa5 30. Nc3 Be6 31. Kb1 Nb4 32. Bd3 Ba2+ 33. Kc1 Bb3 34. Qe7 Nxd3+ 35. Kb1 Bxc2+ 36. Kxc2 Rd4 37. Qe3 Qb6 38. b3 Nb4+ 39. Kb2 Qd6 40. Qe8+ Ka7 41. Qe3 b6 42. f4 Rd2+ 43. Kb1 Rd3 44. Qe5 Qxe5 45. fxe5 Rxc3 46. Rf1 Rxb3+ 0-1

[Event "IECC Swiss-539.1"]
[Site "IECC email"]
[Date "2008.12.20"]
[Round "?"]
[White "Krunski, Jan Maria"]
[Black "Bascetta, Biagio J"]
[Result "0-1"]
[WhiteElo "1754"]
[BlackElo "2050"]
[PlyCount "86"]
[EventDate "2008.??.??"]
[EventType "tourn (corr)"]
[EventRounds "1"]
[SourceTitle "Corr 2011"]
[Source "ChessBase"]
[SourceDate "2010.08.31"]
[SourceVersion "1"]
[SourceVersionDate "2010.08.31"]
[SourceQuality "1"]
[WhiteTeam "Poland"]
[BlackTeam "Italy"]
[WhiteTeamCountry "POL"]
[BlackTeamCountry "ITA"]

1. e4 e5 2. Nf3 Nc6 3. Bb5 Nf6 4. 0-0 Nxe4 5. Re1 Nd6 6. Nxe5 Nxe5 7. Rxe5+ Be7 8. Nc3 0-0 9. Be2 Bf6 10. Rh5 g6 11. Rh3 Nf5 12. Nd5 Bg7 13. Bg4 d6 14. Ne3 Nxe3 15. dxe3 Re8 16. Bxc8 Qxc8 17. c3 Qd7 18. Qb3 c5 19. Qc4 Qc6 20. Qh4 h5 21. Qc4 d5 22. Qd3 d4 23. cxd4 cxd4 24. Qf1 Qc2 25. exd4 Bxd4 26. Bg5 Rac8 27. Rb3 Re2 28. Be3 Bxe3 29. Rxe3 Rxe3 30. fxe3 Qxb2 31. a4 Rc2 32. Re1 Qc3 33. Kh1 Qa3 34. h3 Qxa4 35. e4 Qb4 36. Rd1 Rd2 37. Re1 b5 38. Qf6 Qd6 39. Qa1 Qd4 40. Qc1 b4 41. Rf1 Qc3 42. Qe1 b3 43. Qh4 Qc4 0-1

[Event "IECC KO-3063"]
[Site "IECC email"]
[Date "2008.12.02"]
[Round "?"]
[White "De Oliveira, Diogo Luiz"]
[Black "Krunski, Jan Maria"]
[Result "1-0"]
[WhiteElo "1970"]
[BlackElo "1779"]
[PlyCount "77"]
[EventDate "2008.??.??"]
[EventType "match (corr)"]
[EventRounds "2"]
[SourceTitle "Corr 2011"]
[Source "ChessBase"]
[SourceDate "2010.08.31"]
[SourceVersion "1"]
[SourceVersionDate "2010.08.31"]
[SourceQuality "1"]
[WhiteTeam "Brazil"]
[BlackTeam "Poland"]
[WhiteTeamCountry "BRA"]
[BlackTeamCountry "POL"]

1. e4 e5 2. Nf3 Nc6 3. Bb5 a6 4. Ba4 Nf6 5. 0-0 Be7 6. Re1 0-0 7. Bxc6 dxc6 8. Nxe5 Re8 9. d4 c5 10. c3 Bd6 11. Bf4 Ng4 12. Bg3 Nxe5 13. dxe5 Bf8 14. Qe2 Qg5 15. c4 Qg6 16. f4 f5 17. exf6 Bg4 18. f7+ Kxf7 19. Qd2 Qe6 20. f5 Qxc4 21. Bf2 Rad8 22. Qg5 Be2 23. Nc3 Be7 24. Qg3 Bd3 25. Rac1 c6 26. Re3 a5 27. b3 Qa6 28. Qg4 Kg8 29. e5 Rd4 30. Qf3 Rf8 31. Ne4 b6 32. f6 Bxe4 33. Rxe4 Rxe4 34. Qxe4 Bxf6 35. exf6 Rxf6 36. Bh4 Rf8 37. Qe6+ Kh8 38. Rd1 Qc8 39. Rd7 1-0

[Event "IECC P-4480"]
[Site "IECC email"]
[Date "2008.09.13"]
[Round "?"]
[White "Lorenzo, Alfredo"]
[Black "Krunski, Jan Maria"]
[Result "1-0"]
[WhiteElo "1849"]
[BlackElo "1791"]
[PlyCount "39"]
[EventDate "2008.??.??"]
[EventType "match (corr)"]
[SourceTitle "Corr 2013"]
[Source "ChessBase"]
[SourceDate "2012.11.12"]
[SourceVersion "1"]
[SourceVersionDate "2012.11.12"]
[SourceQuality "1"]
[WhiteTeam "US of America"]
[BlackTeam "Australia"]
[WhiteTeamCountry "USA"]
[BlackTeamCountry "AUS"]

1. e4 e5 2. Nf3 Nc6 3. Bc4 Bc5 4. Nc3 Nf6 5. d3 d6 6. Bg5 Na5 7. Bb3 0-0 8. Nd5 c6 9. Nxf6+ gxf6 10. Bh6 Nxb3 11. axb3 Re8 12. 0-0 Bg4 13. h3 Be6 14. Nh4 d5 15. Qh5 Kh8 16. Kh1 Qc7 17. f4 dxe4 18. dxe4 Bd6 19. f5 Bd7 20. Qxf7 1-0

[Event "IECC KO-5068"]
[Site "IECC email"]
[Date "2008.08.26"]
[Round "?"]
[White "Venturas, Bob"]
[Black "Krunski, Jan Maria"]
[Result "0-1"]
[WhiteElo "1084"]
[BlackElo "1778"]
[PlyCount "54"]
[EventDate "2008.??.??"]
[EventType "match (corr)"]
[EventRounds "2"]
[SourceTitle "Corr 2013"]
[Source "ChessBase"]
[SourceDate "2012.11.12"]
[SourceVersion "1"]
[SourceVersionDate "2012.11.12"]
[SourceQuality "1"]
[WhiteTeam "Hungary"]
[BlackTeam "South Africa"]
[WhiteTeamCountry "HUN"]
[BlackTeamCountry "RSA"]

1. e4 e5 2. Nf3 Nc6 3. Nc3 Nf6 4. h3 Bb4 5. Nd5 0-0 6. a3 Ba5 7. b4 Bb6 8. c4 Nxd5 9. cxd5 Nd4 10. Bb2 Nxf3+ 11. Qxf3 d6 12. Be2 f5 13. 0-0-0 fxe4 14. Qxe4 Bf5 15. Qc4 Bg6 16. f3 Rf4 17. Qb3 Qg5 18. g4 Qh4 19. d3 a5 20. Bc3 axb4 21. Bd2 Rxa3 22. Qb1 Rc4+ 23. Kb2 Bd4+ 24. Bc3 Bxc3+ 25. Kc2 Bd4+ 26. Kd2 Qf2 27. Rhf1 Be3# 0-1

[Event "IECC Swiss-517.4"]
[Site "IECC email"]
[Date "2008.07.14"]
[Round "?"]
[White "Krunski, Jan Maria"]
[Black "MacGregor, Michael"]
[Result "0-1"]
[WhiteElo "1758"]
[BlackElo "2123"]
[PlyCount "112"]
[EventDate "2008.??.??"]
[EventType "tourn (corr)"]
[EventRounds "1"]
[SourceTitle "Corr 2011"]
[Source "ChessBase"]
[SourceDate "2010.08.31"]
[SourceVersion "1"]
[SourceVersionDate "2010.08.31"]
[SourceQuality "1"]
[WhiteTeam "Poland"]
[BlackTeam "US of America"]
[WhiteTeamCountry "POL"]
[BlackTeamCountry "USA"]

1. e4 e5 2. Nf3 Nc6 3. Bb5 a6 4. Ba4 Nf6 5. 0-0 Be7 6. Nc3 b5 7. Bb3 d6 8. Nd5 Na5 9. d4 Nxd5 10. exd5 Bb7 11. Re1 Nxb3 12. axb3 Bxd5 13. dxe5 dxe5 14. Rxe5 Be6 15. Qe2 0-0 16. Bg5 Bf6 17. Bxf6 Qxf6 18. Qe4 h6 19. b4 Bd7 20. Nd4 Rfe8 21. f4 g5 22. Rf1 gxf4 23. Rxe8+ Rxe8 24. Qxf4 Qxf4 25. Rxf4 Kg7 26. Kf2 Kg6 27. Nb3 Be6 28. Re4 Kf6 29. h3 h5 30. c3 Ra8 31. Nd4 Bd5 32. Rf4+ Kg6 33. g3 Rd8 34. Rh4 Kg5 35. b3 Kg6 36. Ne2 Bxb3 37. Nf4+ Kf5 38. Rxh5+ Ke4 39. Rh4 Rd6 40. Ne6+ Kd3 41. Nc5+ Kc2 42. Rf4 Bd5 43. g4 Kxc3 44. h4 a5 45. bxa5 Rc6 46. Ne4+ Bxe4 47. Rxe4 b4 48. Re3+ Kb2 49. g5 b3 50. h5 Ka2 51. Re2+ b2 52. h6 Rd6 53. Kf3 Ka1 54. Re1+ b1Q 55. Rxb1+ Kxb1 56. Ke4 c5 0-1

[Event "IECC Swiss-518.4"]
[Site "IECC email"]
[Date "2008.06.23"]
[Round "?"]
[White "Krunski, Jan Maria"]
[Black "Pech, Jaroslav Sr"]
[Result "0-1"]
[WhiteElo "1737"]
[BlackElo "1936"]
[PlyCount "104"]
[EventDate "2008.??.??"]
[EventType "tourn (corr)"]
[EventRounds "1"]
[SourceTitle "Corr 2011"]
[Source "ChessBase"]
[SourceDate "2010.08.31"]
[SourceVersion "1"]
[SourceVersionDate "2010.08.31"]
[SourceQuality "1"]
[WhiteTeam "Poland"]
[BlackTeam "Czech Republic"]
[WhiteTeamCountry "POL"]
[BlackTeamCountry "CZE"]

1. e4 e5 2. Nf3 Nc6 3. Bb5 a6 4. Ba4 Nf6 5. 0-0 Be7 6. Nc3 b5 7. Bb3 d6 8. Nd5 Na5 9. d4 Nxb3 10. axb3 Nxd5 11. exd5 e4 12. Nd2 f5 13. Qh5+ g6 14. Qe2 Bf6 15. c4 Bd7 16. Qe3 0-0 17. Nb1 b4 18. Rd1 Qe7 19. Qe1 a5 20. Bh6 Rfe8 21. Qe2 g5 22. h4 gxh4 23. Kh1 Qf7 24. Bf4 Kh8 25. Qe3 Rg8 26. Rg1 Rg6 27. Nd2 Qg7 28. Raf1 Bxd4 29. Qh3 Rg8 30. Qh2 Qf6 31. Qh3 Bxb2 32. Re1 Rg4 33. Qh2 Bd4 34. Re2 a4 35. bxa4 Bxa4 36. Be3 Be5 37. Qh3 b3 38. Ba7 b2 39. Nb1 Bd7 40. Nd2 f4 41. f3 R4g7 42. Nxe4 Bxh3 43. Nxf6 Bxg2+ 44. Kh2 Bxf6 45. Rxb2 Bxb2 46. Rb1 Bc3 47. Bf2 Bxf3 48. Bxh4 Rg4 49. Bf2 Rg2+ 50. Kh3 Rxf2 51. Rg1 Rxg1 52. Kh4 Rh2# 0-1

[Event "IECC Swiss-516.4"]
[Site "IECC email"]
[Date "2008.04.16"]
[Round "?"]
[White "Krunski, Jan Maria"]
[Black "Joenhede, Marko"]
[Result "1/2-1/2"]
[WhiteElo "1764"]
[BlackElo "2139"]
[PlyCount "84"]
[EventDate "2008.??.??"]
[EventType "tourn (corr)"]
[EventRounds "1"]
[SourceTitle "Corr 2011"]
[Source "ChessBase"]
[SourceDate "2010.08.31"]
[SourceVersion "1"]
[SourceVersionDate "2010.08.31"]
[SourceQuality "1"]
[WhiteTeam "Poland"]
[BlackTeam "Finland"]
[WhiteTeamCountry "POL"]
[BlackTeamCountry "FIN"]

1. e4 d6 2. Nc3 Nf6 3. d4 g6 4. Nf3 Bg7 5. Be2 0-0 6. 0-0 Bg4 7. h3 Bxf3 8. Bxf3 Nc6 9. Be3 Re8 10. g3 e5 11. d5 Nd4 12. Bg2 c6 13. Qd3 cxd5 14. Nxd5 Nxd5 15. exd5 Nf5 16. Bd2 Bh6 17. Bc3 Rc8 18. a4 Nd4 19. a5 a6 20. f4 Qc7 21. fxe5 dxe5 22. Rf6 Bg7 23. Rb6 e4 24. Bxe4 Ne2+ 25. Qxe2 Qxg3+ 26. Qg2 Qe3+ 27. Kh1 Rxe4 28. Rb4 Rxb4 29. Bxb4 Bxb2 30. Re1 Qf4 31. Qg4 Qc7 32. c3 Bxc3 33. Rc1 h5 34. Qf3 Bxb4 35. Rxc7 Rxc7 36. Qf4 Bxa5 37. d6 Rc3 38. Qa4 Rxh3+ 39. Kg2 Rd3 40. Qxa5 Rxd6 41. Qc7 Rd5 42. Qxb7 Rg5+ 1/2-1/2

[Event "IECC Swiss-514"]
[Site "IECC email"]
[Date "2008.02.26"]
[Round "?"]
[White "Laine, Jari"]
[Black "Krunski, Jan Maria"]
[Result "1/2-1/2"]
[WhiteElo "1565"]
[BlackElo "1800"]
[PlyCount "63"]
[EventDate "2008.??.??"]
[EventType "match (corr)"]
[SourceTitle "Corr 2013"]
[Source "ChessBase"]
[SourceDate "2012.11.12"]
[SourceVersion "1"]
[SourceVersionDate "2012.11.12"]
[SourceQuality "1"]
[WhiteTeam "US of America"]
[BlackTeam "Australia"]
[WhiteTeamCountry "USA"]
[BlackTeamCountry "AUS"]

1. e4 e5 2. Nf3 Nc6 3. c3 Nf6 4. d4 exd4 5. e5 Nd5 6. Qb3 Nb6 7. cxd4 d5 8. a3 Bg4 9. Be3 Bxf3 10. gxf3 Qh4 11. Bb5 Be7 12. Bxc6+ bxc6 13. Nd2 f6 14. f4 0-0 15. 0-0-0 fxe5 16. fxe5 Qh3 17. Rdg1 Qe6 18. Qc2 Rab8 19. Rg3 Bh4 20. Rg2 g6 21. Rhg1 Kg7 22. f3 Nc4 23. Nxc4 dxc4 24. Qe4 Rb3 25. Bd2 Be7 26. f4 Kh8 27. Rg3 Rb6 28. Bc3 Qd5 29. Qc2 Qe6 30. Rf1 Rf5 31. Qg2 Kg8 32. Qh3 1/2-1/2

[Event "IECC KO-5060"]
[Site "IECC email"]
[Date "2007.10.16"]
[Round "?"]
[White "Von Rosenberg, Clemens"]
[Black "Krunski, Jan Maria"]
[Result "0-1"]
[WhiteElo "1523"]
[BlackElo "1782"]
[PlyCount "120"]
[EventDate "2007.??.??"]
[EventType "match (corr)"]
[EventRounds "2"]
[SourceTitle "Corr 2020"]
[Source "ChessBase"]
[SourceDate "2019.09.30"]
[SourceVersion "1"]
[SourceVersionDate "2019.09.30"]
[SourceQuality "1"]
[WhiteTeam "Germany"]
[BlackTeam "Poland"]
[WhiteTeamCountry "GER"]
[BlackTeamCountry "POL"]

1. d4 d5 2. c4 dxc4 3. e4 b5 4. Nc3 c6 5. a4 b4 6. Na2 e5 7. Nf3 b3 8. Nc3 exd4 9. Nxd4 Ba6 10. Bf4 Bb4 11. Nf5 Qf6 12. Nd6+ Kf8 13. Qd2 Nd7 14. Bxc4 Bxc4 15. Nxc4 Nb6 16. Bd6+ Bxd6 17. Qxd6+ Qxd6 18. Nxd6 Nf6 19. 0-0 Ne8 20. a5 Nd7 21. Nc4 Ke7 22. Rfd1 Nc7 23. Rd2 Ne6 24. Rad1 Rhd8 25. f3 f6 26. Ne2 g6 27. Nd4 Nxd4 28. Rxd4 Nc5 29. e5 Rxd4 30. Rxd4 f5 31. Rd6 Rc8 32. Kf2 Ne6 33. Nd2 c5 34. Nc4 Rc7 35. Rd3 Nd4 36. f4 Ke6 37. Rc3 Kd5 38. g3 Rb7 39. Ne3+ Kc6 40. Ke1 Rb4 41. Kd2 Ra4 42. Nc4 Ra1 43. Re3 Rh1 44. h4 Kd5 45. Rc3 h6 46. Ne3+ Kc6 47. Nc4 Rg1 48. e6 Nxe6 49. Rxb3 Nd4 50. Ne5+ Kd5 51. Re3 Rg2+ 52. Kc1 Re2 53. Rxe2 Nxe2+ 54. Kd2 Nxg3 55. Nxg6 Ke4 56. Kc3 Ne2+ 57. Kc4 Nxf4 58. Nxf4 Kxf4 59. Kxc5 Ke4 60. b4 f4 0-1

[Event "IECC Swiss-516.3"]
[Site "IECC email"]
[Date "2007.09.25"]
[Round "?"]
[White "Krunski, Jan Maria"]
[Black "Von Rosenberg, Clemens"]
[Result "1-0"]
[WhiteElo "1790"]
[BlackElo "1503"]
[PlyCount "79"]
[EventDate "2007.??.??"]
[EventType "swiss (corr)"]
[EventRounds "1"]
[SourceTitle "Corr 2011"]
[Source "ChessBase"]
[SourceDate "2010.08.31"]
[SourceVersion "1"]
[SourceVersionDate "2010.08.31"]
[SourceQuality "1"]
[WhiteTeam "Costa Rica"]
[BlackTeam "Poland"]
[WhiteTeamCountry "CRI"]
[BlackTeamCountry "POL"]

1. e4 c5 2. Nf3 d6 3. d4 cxd4 4. Nxd4 Nf6 5. Nc3 a6 6. Bc4 e6 7. 0-0 b5 8. Bb3 Be7 9. Re1 0-0 10. a3 Re8 11. Qf3 Bb7 12. Qg3 Nh5 13. Qh3 Nf6 14. Bg5 Nbd7 15. Rad1 Qc7 16. Qg3 Nc5 17. Bh6 g6 18. f3 Nxb3 19. Nxb3 Nh5 20. Qf2 Bf6 21. Rd3 Be5 22. f4 Bh8 23. e5 d5 24. Nd4 Ng7 25. g4 Rac8 26. Ree3 Qb6 27. Rh3 b4 28. axb4 Qxb4 29. Nd1 Rc4 30. c3 Qb6 31. b3 Rcc8 32. Bg5 h5 33. Rdg3 Qa5 34. gxh5 Qa1 35. Qe2 Nf5 36. hxg6 Nxg3 37. gxf7+ Kxf7 38. Rxg3 Qb1 39. f5 Rg8 40. Qh5+ 1-0

[Event "IECC Swiss-510.4"]
[Site "IECC email"]
[Date "2007.09.18"]
[Round "?"]
[White "Lixa, Alberto"]
[Black "Krunski, Jan Maria"]
[Result "0-1"]
[WhiteElo "1640"]
[BlackElo "1764"]
[PlyCount "91"]
[EventDate "2007.??.??"]
[EventType "swiss (corr)"]
[EventRounds "1"]
[SourceTitle "Corr 2020"]
[Source "ChessBase"]
[SourceDate "2019.09.30"]
[SourceVersion "1"]
[SourceVersionDate "2019.09.30"]
[SourceQuality "1"]
[WhiteTeam "Portugal"]
[BlackTeam "Poland"]
[WhiteTeamCountry "POR"]
[BlackTeamCountry "POL"]

1. e4 e5 2. Bc4 Nf6 3. d3 c6 4. Nf3 d5 5. Bb3 Bg4 6. h3 dxe4 7. hxg4 exf3 8. Qxf3 Bb4+ 9. Nd2 Na6 10. c3 Be7 11. Ne4 Qd7 12. Ng5 Qxg4 13. Bxf7+ Kf8 14. Bc4 Qxf3 15. Nxf3 b5 16. Bb3 Bd6 17. Nh4 Ke7 18. Nf5+ Kd7 19. Bg5 Nc5 20. Bc2 Ne6 21. Bd2 g6 22. Nh4 Nd5 23. a3 Raf8 24. Bh6 Rf6 25. Nf3 g5 26. Nd2 Bf8 27. Bxf8 Rfxf8 28. Rxh7+ Rxh7 29. 0-0-0 Rxf2 30. d4 Rh2 31. Nf3 Ne3 32. Nxh2 Rxc2+ 33. Kb1 Rxg2 34. Rh1 exd4 35. Nf3 dxc3 36. bxc3 Nc4 37. Rh7+ Kd6 38. Rh6 Kd5 39. Rh2 Nxa3+ 40. Kc1 Rg3 41. Rd2+ Kc4 42. Rd6 Rxf3 43. Rxe6 Kxc3 44. Kd1 Nc4 45. Ke2 Re3+ 46. Rxe3+ 0-1

[Event "IECC Swiss-517.2"]
[Site "IECC email"]
[Date "2007.05.23"]
[Round "?"]
[White "Krunski, Jan Maria"]
[Black "Takeuchi, Toshi"]
[Result "1-0"]
[WhiteElo "1762"]
[BlackElo "1440"]
[PlyCount "119"]
[EventDate "2007.??.??"]
[EventType "swiss (corr)"]
[EventRounds "1"]
[SourceTitle "Corr 2020"]
[Source "ChessBase"]
[SourceDate "2019.09.30"]
[SourceVersion "1"]
[SourceVersionDate "2019.09.30"]
[SourceQuality "1"]
[WhiteTeam "Poland"]
[BlackTeam "United States"]
[WhiteTeamCountry "POL"]
[BlackTeamCountry "USA"]

1. e4 c5 2. Nf3 d6 3. d4 cxd4 4. Nxd4 Nf6 5. Nc3 a6 6. Bc4 e6 7. 0-0 b5 8. Bd3 Bb7 9. a3 Nbd7 10. Re1 g6 11. b4 Rc8 12. Bb2 Bg7 13. a4 bxa4 14. b5 Nc5 15. bxa6 Bxa6 16. Bxa6 Nxa6 17. Ndb5 Rc6 18. Nxa4 0-0 19. e5 dxe5 20. Bxe5 Qxd1 21. Rexd1 Rxc2 22. Nd4 Rcc8 23. Nb6 Rc5 24. Bd6 Rd8 25. Be7 Re8 26. Bxc5 Nxc5 27. Nc6 Nd5 28. Nxd5 exd5 29. Ra5 Bf8 30. Kf1 d4 31. Nxd4 Rd8 32. Raa1 h6 33. g3 Rb8 34. Nc6 Rb2 35. Ra8 Kg7 36. Ne5 Rb7 37. Rdd8 Ne6 38. Rd7 Rxd7 39. Nxd7 Bd6 40. f4 Nd4 41. Ra4 Nf5 42. Kf2 Be7 43. h3 f6 44. g4 Nd6 45. Nb6 Nf7 46. Nd5 Bd6 47. Kf3 h5 48. gxh5 gxh5 49. Ra6 Kg6 50. Ke4 f5+ 51. Kf3 h4 52. Ne3 Kf6 53. Ng2 Ke6 54. Nxh4 Nh6 55. Ng2 Kd7 56. Ne3 Bf8 57. Kg3 Bd6 58. Nc4 Bf8 59. Ne5+ Kc7 60. Ra7+ 1-0

[Event "IECC Swiss-506.4"]
[Site "IECC email"]
[Date "2007.03.19"]
[Round "?"]
[White "Krunski, Jan Maria"]
[Black "Bruce, Earle"]
[Result "1/2-1/2"]
[WhiteElo "1688"]
[BlackElo "1457"]
[PlyCount "63"]
[EventDate "2007.??.??"]
[EventType "swiss (corr)"]
[EventRounds "1"]
[SourceTitle "Corr 2011"]
[Source "ChessBase"]
[SourceDate "2010.08.31"]
[SourceVersion "1"]
[SourceVersionDate "2010.08.31"]
[SourceQuality "1"]
[WhiteTeam "Poland"]
[BlackTeam "US of America"]
[WhiteTeamCountry "POL"]
[BlackTeamCountry "USA"]

1. e4 e6 2. d4 d5 3. e5 c5 4. c3 Nc6 5. Nf3 Qb6 6. Bd3 cxd4 7. cxd4 Bd7 8. Bc2 Nb4 9. Nc3 Nxc2+ 10. Qxc2 Ne7 11. 0-0 Nc6 12. Be3 Bb4 13. a3 Bxc3 14. bxc3 h6 15. c4 Ne7 16. c5 Qc7 17. a4 Bc6 18. a5 a6 19. Rfb1 Bb5 20. Bc1 Nc6 21. Qd2 0-0 22. Rb3 Ne7 23. Bb2 Rac8 24. Rb1 Rb8 25. Re3 Nf5 26. Ree1 Rfc8 27. Ba1 Ne7 28. Rb3 Nc6 29. Bc3 Ne7 30. Bb2 Nc6 31. Bc3 Ne7 32. Bb2 1/2-1/2

[Event "IECC Swiss-510.3"]
[Site "IECC email"]
[Date "2007.02.21"]
[Round "?"]
[White "Krunski, Jan Maria"]
[Black "Laine, Jari"]
[Result "1/2-1/2"]
[WhiteElo "1679"]
[BlackElo "1663"]
[PlyCount "56"]
[EventDate "2007.??.??"]
[EventType "swiss (corr)"]
[EventRounds "1"]
[SourceTitle "Corr 2011"]
[Source "ChessBase"]
[SourceDate "2010.08.31"]
[SourceVersion "1"]
[SourceVersionDate "2010.08.31"]
[SourceQuality "1"]
[WhiteTeam "US of America"]
[BlackTeam "Hungary"]
[WhiteTeamCountry "USA"]
[BlackTeamCountry "HUN"]

1. e4 c6 2. d4 d5 3. e5 Bf5 4. Nf3 e6 5. c3 c5 6. Be3 Qb6 7. Qb3 c4 8. Qxb6 axb6 9. Nbd2 Ne7 10. Be2 Nec6 11. 0-0 b5 12. a3 Be7 13. Bg5 Bxg5 14. Nxg5 h6 15. Ngf3 Bh7 16. Rfe1 0-0 17. Nf1 Nd7 18. N3d2 Nb6 19. Ne3 Na4 20. Nd1 Bc2 21. Ra2 Ra7 22. Ne3 Bb3 23. Nxb3 cxb3 24. Raa1 Nxb2 25. Rab1 Nc4 26. Rxb3 Nxa3 27. Bxb5 Nxb5 28. Rxb5 Ra3 1/2-1/2

[Event "IECC Swiss-508.3"]
[Site "IECC email"]
[Date "2007.01.08"]
[Round "?"]
[White "Krunski, Jan Maria"]
[Black "Garcia, Arsenio"]
[Result "1-0"]
[WhiteElo "1749"]
[BlackElo "1117"]
[PlyCount "39"]
[EventDate "2007.??.??"]
[EventType "swiss (corr)"]
[EventRounds "1"]
[SourceTitle "Corr 2008"]
[Source "ChessBase"]
[SourceDate "2008.06.24"]
[SourceVersion "1"]
[SourceVersionDate "2008.06.24"]
[SourceQuality "1"]
[WhiteTeam "Poland"]
[BlackTeam "Philippines"]
[WhiteTeamCountry "POL"]
[BlackTeamCountry "PHI"]

1. e4 e6 2. d4 d5 3. e5 c5 4. c3 Nc6 5. Nf3 Qb6 6. dxc5 Qxc5 7. Be3 Qa5 8. Nbd2 Nge7 9. Bd3 Ng6 10. Bxg6 fxg6 11. 0-0 Be7 12. Bg5 Bxg5 13. Nxg5 Nxe5 14. Qe2 Nc6 15. Nxe6 Kf7 16. b4 Qb6 17. Rfe1 Bd7 18. Qf3+ Kg8 19. Ng5 Rf8 20. Qxd5+ 1-0

[Event "IECC Swiss-503.3"]
[Site "IECC email"]
[Date "2006.12.24"]
[Round "?"]
[White "Groenendijk, Ronald"]
[Black "Krunski, Jan Maria"]
[Result "0-1"]
[WhiteElo "1864"]
[BlackElo "1683"]
[PlyCount "28"]
[EventDate "2006.??.??"]
[EventType "swiss (corr)"]
[EventRounds "1"]
[SourceTitle "Corr 2020"]
[Source "ChessBase"]
[SourceDate "2019.09.30"]
[SourceVersion "1"]
[SourceVersionDate "2019.09.30"]
[SourceQuality "1"]
[WhiteTeam "Netherlands"]
[BlackTeam "Poland"]
[WhiteTeamCountry "NED"]
[BlackTeamCountry "POL"]

1. d4 d5 2. c4 dxc4 3. e4 b5 4. a4 c6 5. b3 e5 6. axb5 Bb4+ 7. Bd2 Qxd4 8. Bxb4 Qxa1 9. Bxc4 Qd4 10. Qxd4 exd4 11. Bc5 Nf6 12. Bxd4 Nxe4 13. Bxg7 Rg8 14. Bd5 cxd5 0-1

[Event "IECC Swiss-501.3"]
[Site "IECC email"]
[Date "2006.09.18"]
[Round "?"]
[White "Krunski, Jan Maria"]
[Black "Blackman, Leon"]
[Result "1/2-1/2"]
[WhiteElo "1732"]
[BlackElo "1640"]
[PlyCount "52"]
[EventDate "2006.??.??"]
[EventType "swiss (corr)"]
[EventRounds "1"]
[SourceTitle "Corr 2020"]
[Source "ChessBase"]
[SourceDate "2019.09.30"]
[SourceVersion "1"]
[SourceVersionDate "2019.09.30"]
[SourceQuality "1"]
[WhiteTeam "Poland"]
[BlackTeam "Australia"]
[WhiteTeamCountry "POL"]
[BlackTeamCountry "AUS"]

1. e4 e6 2. d4 d5 3. e5 c5 4. c3 Nc6 5. Nf3 Bd7 6. Be2 Nge7 7. 0-0 Ng6 8. a3 c4 9. b4 cxb3 10. Qxb3 Qc7 11. Bg5 Be7 12. Bxe7 Ncxe7 13. Nbd2 Nf4 14. Bd1 Rc8 15. g3 Nfg6 16. Rc1 b5 17. Ne1 0-0 18. Nd3 a5 19. f4 Nf5 20. Re1 Nge7 21. Be2 Qa7 22. Bf3 Rb8 23. Qb2 Bc6 24. Rb1 Rfc8 25. Nb3 Ba8 26. Nbc5 Qc7 1/2-1/2

[Event "IECC Swiss-492.4"]
[Site "IECC email"]
[Date "2006.06.13"]
[Round "?"]
[White "Krunski, Jan Maria"]
[Black "Wozniak, Zbigniew"]
[Result "1/2-1/2"]
[WhiteElo "1723"]
[BlackElo "1827"]
[PlyCount "123"]
[EventDate "2006.??.??"]
[EventType "swiss (corr)"]
[EventRounds "1"]
[SourceTitle "Corr 2008"]
[Source "ChessBase"]
[SourceDate "2008.06.24"]
[SourceVersion "1"]
[SourceVersionDate "2008.06.24"]
[SourceQuality "1"]

1. e4 c5 2. Nf3 d6 3. d4 cxd4 4. Nxd4 Nf6 5. Nc3 a6 6. Be2 e5 7. Nf3 h6 8. 0-0 Be7 9. Be3 0-0 10. Bc4 Nc6 11. a3 Bg4 12. h3 Bh5 13. Re1 Na5 14. Ba2 Rc8 15. g4 Bg6 16. Nd2 Qc7 17. Rc1 Nc6 18. Nc4 Rb8 19. Bb6 Qd7 20. Qd3 h5 21. gxh5 Nxh5 22. Nd5 Nf4 23. Nxf4 exf4 24. Rcd1 Bh5 25. Rd2 f3 26. Kh2 Qe6 27. Qd5 Qh6 28. Be3 Qh7 29. Rg1 Bg6 30. Nxd6 Rbd8 31. Bf4 Bxd6 32. Bxd6 Rfe8 33. Qg5 Bxe4 34. Bf4 Rxd2 35. Bxd2 Re5 36. Qf4 Bf5 37. Rg3 Re4 38. Qxf3 Nd4 39. Qc3 Ne2 40. Qb3 Be6 41. Qd3 Qf5 42. Bxe6 fxe6 43. Rg2 Qe5+ 44. Kh1 Rd4 45. Qe3 Re4 46. Qf3 Nd4 47. Qd3 Qh5 48. Rg3 Qd1+ 49. Kg2 Qxc2 50. Qxc2 Nxc2 51. Bh6 g6 52. Rxg6+ Kh7 53. Rf6 Ne1+ 54. Kg3 Re2 55. Kg4 Rxb2 56. Rxe6 Rxf2 57. Rxe1 Kxh6 58. Re6+ Kg7 59. Rb6 Rf7 60. a4 Rc7 61. a5 Rc4+ 62. Kf3 1/2-1/2